| 000 | 03025cam a22005534i 4500 | ||
|---|---|---|---|
| 003 | PE-LiUPU | ||
| 005 | 20250731172800.0 | ||
| 008 | 150617s1983 sp r 000 0 spa d | ||
| 020 | _a8430109110 | ||
| 020 | _a9788430109111 | ||
| 035 | _a(Sirsi) i9788430109111 | ||
| 040 |
_aPE-LiUPU _bspa _cPE-LiUPU _erda |
||
| 041 | 1 |
_aspa _hger |
|
| 049 | _aPRUA | ||
| 082 | 0 | 4 |
_a225.07 _bB74 _221 |
| 100 | 1 |
_aBornkamm, Gunther, _eautor. |
|
| 245 | 1 | 0 |
_aEstudios sobre el nuevo testamento / _cGunther Bornkamm. |
| 264 | 1 |
_aSalamanca : _bEdiciones Sígueme, _c1983. |
|
| 300 |
_a407 páginas ; _c21 centímetros. |
||
| 336 |
_atext _2rdacontent |
||
| 337 |
_aunmediated _2rdamedia |
||
| 338 |
_avolume _2rdacarrier |
||
| 490 | 0 |
_aBiblioteca de estudios bíblicos ; _v35 |
|
| 505 | 0 | _aLa revelación de la ira de Dios -- El camino más excelente -- Para la comprensión del servicio religioso en Pablo -- La libertad cristiana -- Cristo y el mundo en el mensaje del cristianismo primitivo -- Eucaristía e iglesia en san Pablo -- Para la comprensión del himno a Cristo -- Las palabras de Jesús sobre el confesar a Dios -- El doble mandamiento del amor -- El aplazamiento de la parusía -- El divorcio y el nuevo matrimonio en el nuevo testamento -- El paráclito en el evangelio de Juan -- El tiempo del espíritu -- Sobre la interpretación del evangelio de Juan -- Estudio sobre el evangelio de san Marcos -- El poder de atar y desatar en la iglesia de Mateo -- ¿Tradición prejuánica o elaboración posjuánica en el discurso eucarístico de Jn 6? -- La curación del ciego de nacimiento (Jn 9) -- Cambios en la compresión vétero y noetestamentaria de la ley -- La carta a los romanos como testamento de Pablo -- El comportamiento misionero de Pablo según 1 Cor 9, 19-23 y los hechos de los apóstoles. | |
| 526 | _aSEG42 | ||
| 526 | _aSEG41 | ||
| 526 | _aSEG40 | ||
| 526 | _aSEG39 | ||
| 526 | _aP94 | ||
| 526 | _aP87 | ||
| 526 | _aP86 | ||
| 526 | _aP85 | ||
| 526 | _aP77 | ||
| 526 | _aP76 | ||
| 526 | _aP35 | ||
| 534 |
_pTítulo original : _tGesammelte Aufsätze I-IV. |
||
| 630 |
_aBiblia _pN.T. _xIntroducciones. |
||
| 910 |
_ajck _bjvq _cjck _d20150616 |
||
| 910 |
_adbm _bjpc _cjpc _d20190516 |
||
| 942 |
_2ddc _cBOOK |
||
| 994 |
_aC0 _bPEPRU |
||
| 596 | _a1 | ||
| 999 |
_a225.07 B74 _wDEWEY _c3391 _i22278 _d3391 _e2017-5-2 _f2021-11-9 _g5 _lCCODEBUL1 _mBUL _n1 _p13.96 _q1 _r0 _sY _tBOOK _u2015-6-17 _xTEOLOGIA _PP35 _0COMPRA _o.STAFF. Colección Teología |
||
| 999 |
_a225.07 B74 _wDEWEY _c2 _i24389 _d2017-11-17 _f2021-11-9 _g5 _lCCODEBUL1 _mBUL _p15.00 _q1 _r0 _sY _tBOOK _u2015-6-17 _xTEOLOGIA _PP35 _0COMPRA _o.STAFF. Colección Teología |
||
| 999 |
_a225.07 B74 _wDEWEY _c3 _i22773 _d2022-7-18 _e2016-8-25 _f2021-11-9 _g6 _lCCODEBUL1 _mBUL _n1 _p15.00 _q2 _r0 _sY _tBOOK _u2015-6-17 _xTEOLOGIA _PP35 _0COMPRA _o.STAFF. Colección Teología |
||
| 980 |
_81 _gALBERTO SANCHEZ Responsable de Automatización |
||